000 00720nam a2200241Ia 4500
003 OSt
005 20220926014726.0
006 a|||||r|||| 00| 0
007 ta
008 220923b |||||||| |||| 00| 0 eng d
037 _cGeneral Book
040 _aRTL
_cRTL
_beng
041 _2eng
_aeng
082 _aX:95.73.N8, M3
100 _aFear Richard A
_9127740
245 0 _aJobs, dollars and EEO
_b How to hire more productiv
260 _aNew York
_bMcgraw-hill USA
_c1983
300 _axiii, 226p.
_ccm.
650 _aEmployment and service
_9236902
700 _a Ross James F
_9321053
942 _hX:95.73.N8, M3
_cGB
_2CC
999 _c629715
_d629715